| 000 | 00319nam a2200133 a 4500 | ||
|---|---|---|---|
| 001 | 5412 | ||
| 003 | CDMR | ||
| 005 | 20130116135307.0 | ||
| 008 | 130130s1993||||||||||||||||||||||||||||d | ||
| 040 |
_aCDMR _bcat _cCPC GIRONA |
||
| 245 | 0 |
_aPeriodismo y universidad _cVaris |
|
| 260 |
_c1993 _bAssoc. Prensa Aragón |
||
| 942 | _cMON | ||
| 999 |
_c5412 _d5412 |
||